Normal view
MARC view
- FUZZY LOGIC.OPTIMIZATION
Entry Topical Term
001 - CONTROL NUMBER
- control field: 61960
003 - CONTROL NUMBER IDENTIFIER
- control field: NUST
005 - DATE AND TIME OF LATEST TRANSACTION
- control field: 20210628202841.0
008 - FIXED-LENGTH DATA ELEMENTS
- fixed length control field: 210628|| aca||aabn | a|a d
040 ## - CATALOGING SOURCE
- Original cataloging agency: NUST
- Transcribing agency: NUST
150 ## - HEADING--TOPICAL TERM
- Topical term or geographic name entry element: FUZZY LOGIC.OPTIMIZATION
670 ## - SOURCE DATA FOUND
- Source citation: Work cat.: (NUST): Nanda , S 8837, Fuzzy logic and optimization, 2006
